Collins, Spanish-English, English-Spanish dictionary / (Record no. 144905)

MARC details
000 -LEADER
campo de control de longitud fija 00852nam a2200241 i 4500
001 - NÚMERO DE CONTROL
campo de control 144905
003 - IDENTIFICADOR DE NÚMERO DE CONTROL
campo de control ES-MaACL
005 - FECHA Y HORA DE LA ÚLTIMA TRANSACCIÓN
campo de control 20230906201126.0
007 - CAMPO FIJO DE DESCRIPCIÓN FÍSICA--INFORMACIÓN GENERAL
campo de control de longitud fija t|
008 - DATOS DE LONGITUD FIJA--INFORMACIÓN GENERAL
campo de control de longitud fija 070214s1984 sp d 00110 eng d
020 ## - NÚMERO INTERNACIONAL ESTÁNDAR DEL LIBRO
Número Internacional Estándar del Libro 84-253-1184-5
080 ## - NÚMERO DE LA CLASIFICACIÓN DECIMAL UNIVERSAL
Número de la Clasificación Decimal Universal 806.0-3=20
080 ## - NÚMERO DE LA CLASIFICACIÓN DECIMAL UNIVERSAL
Número de la Clasificación Decimal Universal 802.0-3=60
100 1# - ENTRADA PRINCIPAL--NOMBRE DE PERSONA
Nombre de persona Smith, Colin.
9 (RLIN) 106858
245 10 - MENCIÓN DEL TÍTULO
Título Collins, Spanish-English, English-Spanish dictionary /
Mención de responsabilidad, etc. by Colin Smith in collaboration with Manuel Bermejo Marcos and Eugenio Chang-Rodríguez.
260 ## - PUBLICACIÓN, DISTRIBUCIÓN, ETC.
Lugar de publicación, distribución, etc. Barcelona ;
-- London :
Nombre del editor, distribuidor, etc. Grijalbo :
-- ; Collins,
Fecha de publicación, distribución, etc. 1984.
300 ## - DESCRIPCIÓN FÍSICA
Extensión 2 t. en 1 v. ;
Dimensiones 25 cm.
650 #4 - PUNTO DE ACCESO ADICIONAL DE MATERIA--TÉRMINO DE MATERIA
Término de materia o nombre geográfico como elemento de entrada Lengua española-
Subdivisión de forma Diccionarios-
Subdivisión general Inglés.
9 (RLIN) 14142
650 #4 - PUNTO DE ACCESO ADICIONAL DE MATERIA--TÉRMINO DE MATERIA
Término de materia o nombre geográfico como elemento de entrada Lengua inglesa-
Subdivisión de forma Diccionarios-
Subdivisión general Español.
9 (RLIN) 14270
700 1# - ENTRADA AGREGADA--NOMBRE PERSONAL
Nombre de persona Bermejo Marcos, Manuel.
9 (RLIN) 28111
700 1# - ENTRADA AGREGADA--NOMBRE PERSONAL
Nombre de persona Chang-Rodríguez, Eugenio.
9 (RLIN) 37971
852 4# - LOCALIZACIÓN
Ubicación ES-MaACL
Número de control de estantería L-7397
Holdings
Estatus retirado Estado de pérdida Estado de daño No para préstamo Biblioteca de origen Biblioteca actual Ubicación en estantería Fecha de adquisición Fuente de adquisición Total de préstamos Signatura topográfica completa Código de barras Visto por última vez Precio de reemplazo Tipo de ítem Koha
        Biblioteca del Ateneo de Madrid Biblioteca del Ateneo de Madrid Depósito 2 17/01/2008     L-7397 1151196 23/02/2023 23/02/2023 Libro impreso